<?xml version="1.0" encoding="UTF-8"?>
<record
    xmlns:xsi="http://www.w3.org/2001/XMLSchema-instance"
    xsi:schemaLocation="http://www.loc.gov/MARC21/slim http://www.loc.gov/standards/marcxml/schema/MARC21slim.xsd"
    xmlns="http://www.loc.gov/MARC21/slim">

  <leader>01927cam a22002773a 4500</leader>
  <controlfield tag="001">19123</controlfield>
  <controlfield tag="003">PGUSA</controlfield>
  <controlfield tag="005">20140828083415.0</controlfield>
  <controlfield tag="008">060826s2006||||xxu|||||s|||||000 | eng d</controlfield>
  <datafield tag="040" ind1=" " ind2=" ">
    <subfield code="a">PGUSA</subfield>
    <subfield code="b">eng</subfield>
  </datafield>
  <datafield tag="042" ind1=" " ind2=" ">
    <subfield code="a">dc</subfield>
  </datafield>
  <datafield tag="050" ind1=" " ind2="4">
    <subfield code="a">QK</subfield>
  </datafield>
  <datafield tag="100" ind1="1" ind2=" ">
    <subfield code="a">Curtis, William,</subfield>
    <subfield code="d">1746-1799</subfield>
  </datafield>
  <datafield tag="245" ind1="1" ind2="4">
    <subfield code="a">The Botanical Magazine, Vol. 5 :</subfield>
    <subfield code="b">Or, Flower-Garden Displayed</subfield>
    <subfield code="h">[electronic resource] /</subfield>
    <subfield code="c">William Curtis</subfield>
  </datafield>
  <datafield tag="260" ind1=" " ind2=" ">
    <subfield code="b">Project Gutenberg,</subfield>
    <subfield code="c">2006</subfield>
  </datafield>
  <datafield tag="505" ind1="0" ind2=" ">
    <subfield code="a">[145]&#x2014;Monarda Fistulosa. -- [146]&#x2014;Hypericum Calycinum. -- [147]&#x2014;Dais Cotinifolia. -- [148]&#x2014;Pelargonium Betulinum. -- [149]&#x2014;Zinnia Multiflora. -- [150]&#x2014;Tagetes Patula. -- [151]&#x2014;Lotus Tetragonolobus. -- [152]&#x2014;Epidendrum Cochleatum. -- [153]&#x2014;Bulbocodium Vernum. -- [154]&#x2014;Saponaria Ocymoides. -- [155]&#x2014;Oxalis Versicolor. -- [156]&#x2014;Coreopsis Verticillata. -- [157]&#x2014;Hyacinthus Botryoides. -- [158]&#x2014;Hibiscus Rosa Sinensis. -- [159]&#x2014;Alyssum Saxatile. -- [160]&#x2014;Pulmonaria Virginica. -- [161]&#x2014;Amygdalus Nana. -- [162]&#x2014;Sanguinaria Canadensis. -- [163]&#x2014;Phlox Divaricata. -- [164]&#x2014;Ranunculus Gramineus. -- [165]&#x2014;Pelargonium Cordifolium. -- [166]&#x2014;Cheiranthus Maritimus. -- [167]&#x2014;Sophora Tetraptera. -- [168]&#x2014;Iris Pavonia. -- [169]&#x2014;Ixora Coccinea. -- [170]&#x2014;Draba Aizoides. -- [171]&#x2014;Ixia Chinensis. -- [172]&#x2014;Lamium Orvala. -- [173]&#x2014;Aitonia Capensis. -- [174]&#x2014;Buddlea Globosa. -- [175]&#x2014;Kalmia Latifolia. -- [176]&#x2014;Cytisus Laburnum. -- [177]&#x2014;Kalmia Glauca. -- [178]&#x2014;Hypericum Coris. -- [179]&#x2014;Fumaria Glauca. -- [180]&#x2014;Azalea Nudiflora.</subfield>
  </datafield>
  <datafield tag="506" ind1=" " ind2=" ">
    <subfield code="a">Public domain in the USA.</subfield>
  </datafield>
  <datafield tag="516" ind1=" " ind2=" ">
    <subfield code="a">Electronic text</subfield>
  </datafield>
  <datafield tag="653" ind1=" " ind2=" ">
    <subfield code="a">Plants, Ornamental -- Periodicals</subfield>
  </datafield>
  <datafield tag="653" ind1=" " ind2=" ">
    <subfield code="a">Botanical illustration -- Periodicals</subfield>
  </datafield>
  <datafield tag="653" ind1=" " ind2=" ">
    <subfield code="a">Plants -- Periodicals</subfield>
  </datafield>
  <datafield tag="653" ind1=" " ind2=" ">
    <subfield code="a">Plants, Cultivated -- Periodicals</subfield>
  </datafield>
  <datafield tag="830" ind1=" " ind2="0">
    <subfield code="a">Project Gutenberg</subfield>
    <subfield code="v">19123</subfield>
  </datafield>
  <datafield tag="856" ind1="4" ind2="0">
    <subfield code="u">http://www.gutenberg.org/ebooks/19123</subfield>
  </datafield>
  <datafield tag="942" ind1=" " ind2=" ">
    <subfield code="c">EB</subfield>
  </datafield>
  <datafield tag="999" ind1=" " ind2=" ">
    <subfield code="c">248378</subfield>
    <subfield code="d">248378</subfield>
  </datafield>
  <datafield tag="952" ind1=" " ind2=" ">
    <subfield code="0">0</subfield>
    <subfield code="1">0</subfield>
    <subfield code="4">0</subfield>
    <subfield code="a">GTB</subfield>
    <subfield code="b">GTB</subfield>
    <subfield code="d">2014-08-28</subfield>
    <subfield code="l">0</subfield>
    <subfield code="r">2014-08-28 00:00:00</subfield>
    <subfield code="w">2014-08-28</subfield>
    <subfield code="y">EB</subfield>
  </datafield>
</record>
